[Event "Guillermo Garcia Mem"]
[Site "Santa Clara CUB"]
[Date "2008.05.25"]
[Round "7"]
[White "Martinez,Lel"]
[Black "Glud,J"]
[Result "1-0"]
[WhiteElo "2499"]
[BlackElo "2456"]

1.e4 e5 2.Nf3 Nc6 3.Bb5 a6 4.Ba4 Nf6 5.O-O Be7 6.Re1 b5 7.Bb3 d6 8.c3 O-O
9.h3 Nb8 10.d4 Nbd7 11.Nbd2 Bb7 12.Bc2 Re8 13.Nf1 Bf8 14.Ng3 g6 15.a4 Bg7
16.d5 Qb8 17.b3 c6 18.c4 Qc7 19.Be3 bxc4 20.bxc4 Nc5 21.a5 Nfd7 22.Qd2 Rab8
23.Red1 cxd5 24.cxd5 Ba8 25.Qc3 Rec8 26.Rdc1 Qd8 27.Qa3 h5 28.Ne1 Bf6 29.Nf3 Bg7
30.Nd2 Qf8 31.Ba4 h4 32.Ngf1 f5 33.Bxd7 Nxd7 34.f3 Nf6 35.Rxc8 Rxc8 36.Rc1 Rxc1
37.Qxc1 Qd8 38.Bb6 Qd7 39.Qe1 Qe7 40.Ne3 fxe4 41.fxe4 Nh5 42.Qe2 Bb7 43.Qg4 Kh7
44.Nf3 Nf4 45.Ng5+ Kg8 46.Qxh4 Bc8 47.Ng4 Nh5 48.Be3 Qd8 49.Qf2 Qe7 50.Nh2 Bh6
51.Nhf3 Qc7 52.Ne6 Bxe3 53.Nxc7 Bxf2+ 54.Kxf2 Kf7 55.Na8 Nf4 56.Nb6 Bb7 57.g3 Nd3+
58.Ke3 Nc5 59.Nc4 Ke7 60.Nh4 Bc8 61.g4 Nb7 62.Nxg6+ Kf6 63.Nh4  1-0

[Event "ch-CHN w"]
[Site "Beijing CHN"]
[Date "2008.06.02"]
[Round "5"]
[White "Ding Yixin"]
[Black "Shen Yang"]
[Result "1-0"]
[WhiteElo "2292"]
[BlackElo "2439"]

1.e4 e5 2.Nf3 Nc6 3.Bb5 a6 4.Ba4 Nf6 5.O-O Be7 6.Re1 b5 7.Bb3 d6 8.c3 O-O
9.h3 Nb8 10.d4 Nbd7 11.Nbd2 Bb7 12.a4 c5 13.Bc2 Re8 14.Nf1 d5 15.dxe5 Nxe4
16.Ne3 Nb6 17.axb5 axb5 18.Rxa8 Qxa8 19.Nf5 Bf8 20.Ng5 g6 21.Nxe4 dxe4 22.Nh6+ Bxh6
23.Bxh6 Nc4 24.b3 Na3 25.Qd6 Re6 26.Qc7 Rc6 27.Qd7 Nxc2 28.Rd1 Nd4 29.cxd4 g5
30.Bxg5 Rg6 31.Be3 Bd5 32.Qxb5 cxd4 33.Rxd4 Be6 34.Kh2 Kg7 35.b4 Qa1 36.Qe2 Bxh3
37.Rd1 Bg4 38.Rxa1 Bxe2 39.Ra5 Ra6 40.Rd5 Bc4 41.Rd4 Bd3 42.Rd7 Bb5 43.Rb7 Bf1
44.g4 h6 45.b5 Rg6 46.b6 Be2 47.Rc7 Rxg4 48.b7 Rh4+ 49.Kg3 Rg4+ 50.Kh3  1-0

[Event "White Nights Open"]
[Site "St Petersburg RUS"]
[Date "2008.06.24"]
[Round "4"]
[White "Kovar,V"]
[Black "Khuseinkhodzhaev,M"]
[Result "1/2-1/2"]
[WhiteElo "2238"]
[BlackElo "2397"]

1.e4 e5 2.Nf3 Nc6 3.Bb5 a6 4.Ba4 Nf6 5.O-O Be7 6.Re1 b5 7.Bb3 d6 8.c3 O-O
9.h3 Nb8 10.d4 Nbd7 11.Nbd2 Bb7 12.Bc2 Re8 13.Nf1 Bf8 14.Ng3 c6 15.Nf5 Qc7
16.dxe5 dxe5 17.Nh2 c5 18.Qf3 c4 19.Bg5 Re6 20.Rad1 h6 21.Bxf6 Nxf6 22.Ng4 Nxg4
23.Qxg4 Rg6 24.Rd7 Qc6 25.Qd1 Bc8 26.Rd5 Qf6 27.Rd8 Bb7 28.Rxa8 Bxa8 29.Qd7 Qc6
30.Rd1 Re6 31.Qa7 g6 32.Rd8 Re8 33.Rxe8 Qxe8 34.Ne3 Qc8 35.Ng4 Bc5 36.Qd7 Qxd7
37.Nf6+ Kg7 38.Nxd7 Bd6 39.Nb6 Bb7 40.Nd5 f5 41.f3 Kf7 42.Kf1 Ke6 43.g4 fxe4
44.fxe4 Be7 45.Ke2 Bg5 46.b3 Kd6 47.bxc4 bxc4 48.Ba4 Bxd5 49.exd5 Bd8 50.Bc2 Kxd5
51.Bxg6 e4 52.Bf7+ Kc5 53.Bg6 Bf6 54.Bxe4 Bxc3 55.Kd1 Bf6 56.Kc2 Kd4 57.Bf5 Ke5
58.Bd7  1/2-1/2

[Event "XII Izmailov Mem"]
[Site "Tomsk RUS"]
[Date "2008.06.28"]
[Round "4"]
[White "Kuznesov,A"]
[Black "Gutov,A"]
[Result "1/2-1/2"]
[WhiteElo "2295"]
[BlackElo "2483"]

1.e4 e5 2.Nf3 Nc6 3.Bb5 a6 4.Ba4 Nf6 5.O-O Be7 6.Re1 b5 7.Bb3 d6 8.c3 O-O
9.h3 Nb8 10.d4 Nbd7 11.Nbd2 Bb7 12.Bc2 Re8 13.a4 Bf8 14.Bd3 c6 15.b3 g6 16.Bb2 Qc7
17.Qc2 Bg7 18.Bf1 d5 19.exd5 Nxd5 20.dxe5 Nxe5 21.Nxe5 Rxe5 22.axb5 cxb5
23.c4 Rxe1 24.Rxe1 Bxb2 25.Qxb2 Nf4 26.Qf6 Ne6 27.cxb5 axb5 28.Bxb5 Ra2 29.Nf3 Bxf3
30.Qxf3 Qa5 31.Re5 Ra1+ 32.Kh2 Qc7 33.Qg3 h5 34.h4 Qc1 35.Qe3 Qh1+ 36.Kg3 Ng7
37.Re8+ Nxe8 38.Qxe8+ Kg7 39.Qe5+ Kg8 40.Qe8+ Kg7  1/2-1/2

[Event "XXIII Tadeusz Gniota Mem"]
[Site "Police POL"]
[Date "2008.07.10"]
[Round "2"]
[White "Jacek,K"]
[Black "Chojnacki,K"]
[Result "0-1"]
[WhiteElo "1987"]
[BlackElo "2416"]

1.e4 e5 2.Nf3 Nc6 3.Bb5 a6 4.Ba4 Nf6 5.O-O Be7 6.Re1 b5 7.Bb3 d6 8.c3 O-O
9.h3 Nb8 10.d4 Nbd7 11.Nbd2 Bb7 12.Bc2 Re8 13.a4 Bf8 14.Bd3 c6 15.Nf1 Qc7
16.Ng3 g6 17.Bg5 h6 18.Bd2 Bg7 19.Qc1 Kh7 20.h4 h5 21.Qd1 Kg8 22.Bc2 Nb6
23.b3 bxa4 24.bxa4 a5 25.Bb3 c5 26.Rb1 Ng4 27.dxc5 Qxc5 28.Bxf7+ Kxf7 29.Qb3+ Nc4
30.Qxb7+ Kg8 31.Be3 Ncxe3 32.fxe3 Bh6 33.Qb3+ Kh8 34.Qf7 Rg8 35.Ng5 Rg7 36.Qd5 Rc8
37.Qxc5 Rxc5 38.Ne6 Bxe3+ 39.Rxe3 Nxe3 40.Nxc5 dxc5 41.Rb5 Rd7 42.Rxc5 Rd2
43.Rc8+ Kg7 44.Rc7+ Kf8 45.Nf1 Rd1 46.Rc8+ Ke7 47.Rc7+ Kd6 48.Rf7 Kc5 49.Rc7+ Kd6
50.Rf7 Ke6 51.Rf3 Ng4 52.g3 Re1 53.c4 Rc1 54.c5 Rxc5 55.Nd2 Rc1+ 56.Rf1 Rc3
57.Rf3 Rxf3 58.Nxf3 Kd6 59.Kf1 Ne3+ 60.Ke2 Nc4 61.Kd3 Nb2+ 62.Kc2 Nxa4 63.Ng5 Nc5
64.Kc3 Nd7 65.Kc4 Kc6 66.Nf7 a4 67.Kb4 a3 68.Kxa3 Kc5 69.Kb3 Kd4 70.Ng5 Nc5+
71.Kc2 Nxe4 72.Ne6+ Ke3 73.Nf8 Nxg3 74.Nxg6 e4 75.Kd1 Kf2 76.Ne5 e3 77.Nd3+ Kf1
78.Nf4 e2+ 79.Nxe2 Nxe2 80.Kd2 Kf2  0-1

[Event "19th Czech Oce Open"]
[Site "Pardubice CZE"]
[Date "2008.07.13"]
[Round "7"]
[White "Gutenev,A"]
[Black "Kovar,V"]
[Result "1/2-1/2"]
[WhiteElo "2280"]
[BlackElo "2235"]

1.e4 e5 2.Nf3 Nc6 3.Bb5 a6 4.Ba4 Nf6 5.O-O Be7 6.Re1 b5 7.Bb3 d6 8.c3 O-O
9.h3 Nb8 10.d4 Nbd7 11.Nbd2 Bb7 12.Bc2 Re8 13.Nf1 Bf8 14.Ng3 g6 15.a4 c5
16.d5 c4 17.Be3 Nc5 18.Nd2 Nfd7 19.Qe2 Rb8 20.Rf1 Bg7 21.f3 Qh4 22.Kh2 Bh6
23.Bxh6 Qxh6 24.Kg1 Qh4 25.Qf2 Qg5 26.Rfd1 Bc8 27.Ne2 h5 28.Kh2 Kg7 29.g3 h4
30.g4 Nb6 31.axb5 axb5 32.f4 exf4 33.Nf3 Qf6 34.g5 Qe7 35.Qd4+ Kh7 36.Nxf4 Nbd7
37.Rf1 Ne5 38.Ng2 Qd7 39.Ng1 b4 40.cxb4 Rxb4 41.Rf4 Qb7 42.Rxh4+ Kg8 43.Rb1 Ncd3
44.Bxd3 cxd3 45.Qf2 Qe7 46.Qd2 Rc4 47.Ne3 Qxg5 48.Nxc4 Qxh4 49.Nxe5 Rxe5
50.Qxd3 Qf2+ 51.Kh1 Rg5 52.Qf1 Qc2 53.Re1 Ba6 54.Qf3 Qxb2 55.h4 Rh5 56.Qg3 Qe5
57.Kg2 Qxg3+ 58.Kxg3 Re5 59.Nf3 Re8 60.Kf4 Bd3 61.Re3 Ba6 62.Ra3 Bc8 63.Nd4 f5
64.exf5 Bxf5 65.Nc6 Kg7 66.Kg5 Rf8 67.Ra7+ Rf7 68.Rxf7+ Kxf7 69.h5 Be4 70.Na5 Kg8
71.hxg6 Bxd5 72.Kf6 Be4 73.g7 Bd5 74.Kg6 Be4+  1/2-1/2

[Event "XXIII Tadeusz Gniota Mem"]
[Site "Police POL"]
[Date "2008.07.13"]
[Round "6"]
[White "Grabarczyk,B"]
[Black "Chojnacki,K"]
[Result "1/2-1/2"]
[WhiteElo "2449"]
[BlackElo "2416"]

1.e4 e5 2.Nf3 Nc6 3.Bb5 a6 4.Ba4 Nf6 5.O-O Be7 6.Re1 b5 7.Bb3 d6 8.c3 O-O
9.h3 Nb8 10.d4 Nbd7 11.Nh4 Nxe4 12.Nf5 Ndf6 13.Qf3 Bxf5 14.Qxf5 exd4 15.Rxe4 Nxe4
16.Qxe4 Bf6 17.Bd2 c5 18.cxd4 Bxd4 19.Nc3 Qf6 20.Rf1 Rae8 21.Qb7 c4 22.Bc2 Bc5
23.Qxa6 b4 24.Ne4 Rxe4 25.Bxe4 Qd4 26.Bxb4  1/2-1/2

[Event "17th ch-MKD"]
[Site "Struga MKD"]
[Date "2008.07.20"]
[Round "7"]
[White "Kacakovski,D"]
[Black "Veleski,R"]
[Result "0-1"]
[WhiteElo "2227"]
[BlackElo "2248"]

1.e4 e5 2.Nf3 Nc6 3.Bb5 a6 4.Ba4 Nf6 5.O-O Be7 6.Re1 b5 7.Bb3 d6 8.c3 O-O
9.h3 Nb8 10.d4 Nbd7 11.Nbd2 Bb7 12.Bc2 Re8 13.Nf1 Bf8 14.Ng3 g6 15.b3 Bg7
16.d5 Nb6 17.Nd2 c6 18.dxc6 Bxc6 19.c4 Rc8 20.Ngf1 Nh5 21.Ne3 Nf4 22.Nf3 Qc7
23.Bd2 bxc4 24.bxc4 Nd7 25.Bb4 Nc5 26.Bxc5 dxc5 27.Nd5 Qa5 28.Nd2 Ne6 29.Nb3 Qd8
30.Bd3 Qg5 31.Qg4 Qd8 32.Rab1 a5 33.Na1 h5 34.Qg3 Nf4 35.Nc2 Rb8 36.Na3 h4
37.Qf3 Qg5 38.Nb5 Bxb5 39.cxb5 Nxd5 40.exd5 f5 41.Qe3 Qe7 42.Bc4 Kh7 43.Red1 Qd6
44.Qa3 e4 45.Qxa5 f4 46.Be2 Ra8 47.Qd2 Bd4 48.Bf1 e3 49.Qc2 f3 50.fxe3 Bxe3+
51.Kh1 Qg3 52.gxf3 Qg1+  0-1

[Event "Ch-AY Boys U16"]
[Site "Tehran IRI"]
[Date "2008.07.20"]
[Round "7"]
[White "Sethuraman,S"]
[Black "Shyam,SM"]
[Result "1/2-1/2"]
[WhiteElo "2425"]
[BlackElo "2312"]

1.e4 e5 2.Nf3 Nc6 3.Bb5 a6 4.Ba4 Nf6 5.O-O Be7 6.Re1 b5 7.Bb3 d6 8.c3 O-O
9.h3 Nb8 10.d4 Nbd7 11.Nbd2 Bb7 12.Bc2 Re8 13.Nf1 Bf8 14.Ng3 g6 15.b3 Bg7
16.d5 Rc8 17.Be3 c6 18.c4 Nb6 19.dxc6 Bxc6 20.Bxb6 Qxb6 21.Qxd6 Rcd8 22.Qb4 Bf8
23.Qc3 bxc4 24.bxc4 Bb4 25.Qe3 Qxe3 26.Rxe3 a5 27.Rb1 Bc5 28.Rd3 Rxd3 29.Bxd3 a4
30.Kf1 a3 31.Ke2 Nd7 32.Ne1 Nf8 33.Nf1 Ne6 34.g3 Bd4 35.Ne3 Nc5 36.Nd5 Kg7
37.Bc2 Bb2 38.Nd3 Nxd3 39.Kxd3 f5 40.f3 Rc8 41.Bb3 Rb8 42.Bc2 Rc8  1/2-1/2

[Event "19th Czech Chladek & Tintera A Open"]
[Site "Pardubice CZE"]
[Date "2008.07.22"]
[Round "5"]
[White "Klovans,J"]
[Black "Gasanov,E"]
[Result "0-1"]
[WhiteElo "2428"]
[BlackElo "2523"]

1.e4 e5 2.Nf3 Nc6 3.Bb5 a6 4.Ba4 Nf6 5.O-O Be7 6.Re1 b5 7.Bb3 d6 8.c3 O-O
9.h3 Nb8 10.d4 Nbd7 11.Nbd2 Bb7 12.Bc2 Re8 13.Nf1 Bf8 14.Ng3 g6 15.a4 Bg7
16.d5 Qb8 17.c4 c6 18.b3 bxc4 19.bxc4 a5 20.Be3 Qc7 21.Nd2 Rec8 22.dxc6 Qxc6
23.Ne2 Ba6 24.Rc1 Nb6 25.Bb3 Nfd7 26.Nc3 Nc5 27.Nd5 Kf8 28.Nxb6 Qxb6 29.Bc2 Qc7
30.Rb1 Rab8 31.Rxb8 Rxb8 32.Qa1 Rb4 33.Rb1 Qb6 34.Qa2 Ke7 35.Rb3 Rxb3 36.Nxb3 Bxc4
37.Qa3 Bh6 38.Bxc5 dxc5 39.Qxc5+ Qxc5 40.Nxc5 Bd2 41.Bd3 Ba2 42.Bb5 Kd6 43.Nd3 f5
44.f3 h5 45.Kf2 h4 46.Ke2 Bc3 47.Be8 Bc4 48.Ke3 f4+ 49.Ke2 g5 50.Bb5 Bxb5
51.axb5 Bd4 52.Kd2 Kc7 53.Kc2 Kb6 54.Nc1 Kxb5 55.Na2 Kc4 56.Nc1 a4 57.Na2 a3
58.Nc1 Bb2 59.Na2 Bd4 60.Nc1 Bc3 61.Na2 Bb2  0-1

[Event "8th United Insurance"]
[Site "Dhaka BAN"]
[Date "2008.08.01"]
[Round "4"]
[White "Abu Sufian,S"]
[Black "Shrestha,K"]
[Result "1-0"]
[WhiteElo "2418"]
[BlackElo "2128"]

1.e4 e5 2.Nf3 Nc6 3.Bb5 a6 4.Ba4 Nf6 5.O-O Be7 6.Re1 b5 7.Bb3 d6 8.c3 O-O
9.h3 Nb8 10.d4 Nbd7 11.Nbd2 Bb7 12.Bc2 Re8 13.Nf1 Bf8 14.Ng3 g6 15.b3 Bg7
16.d5 Qe7 17.Bg5 c6 18.c4 bxc4 19.bxc4 a5 20.Qd2 Rec8 21.Rab1 Nc5 22.Be3 Ba6
23.Bxc5 dxc5 24.Ba4 cxd5 25.cxd5 Ne8 26.Bc6 Ra7 27.Qc3 f6 28.Nd2 Bf8 29.Nc4 Bxc4
30.Qxc4 Qf7 31.Bxe8 Rxe8 32.Rb6 Kg7 33.a4 Rd8 34.Reb1 h5 35.Nf1 Bd6 36.Ne3 Kh7
37.Qc2 Bf8 38.Nc4 Bg7 39.R1b5 Rad7 40.Rxc5 f5 41.d6 fxe4 42.Qxe4 Qf4 43.Qxf4 exf4
44.Rc7 Kg8 45.Rbb7  1-0

[Event "8th United Insurance"]
[Site "Dhaka BAN"]
[Date "2008.08.06"]
[Round "10"]
[White "Hasan Md,E"]
[Black "Shrestha,K"]
[Result "0-1"]
[WhiteElo "2161"]
[BlackElo "2128"]

1.e4 e5 2.Nf3 Nc6 3.Bb5 a6 4.Ba4 Nf6 5.O-O Be7 6.Re1 b5 7.Bb3 d6 8.c3 O-O
9.h3 Nb8 10.d4 Nbd7 11.d5 Bb7 12.c4 Nc5 13.Qc2 c6 14.Nc3 Rc8 15.Qb1 cxd5
16.cxd5 Nxb3 17.axb3 Nd7 18.Be3 Qc7 19.Rd1 Qb8 20.b4 Bd8 21.Nd2 Nb6 22.Qd3 Nc4
23.Nxc4 Rxc4 24.b3 Rc8 25.Ne2 Qc7 26.Rdc1 Qd7 27.Ng3 g6 28.Rc2 Rxc2 29.Qxc2 Bh4
30.Ne2 f5 31.f3 Rc8 32.Qd2 Bf6 33.Rc1 Kf7 34.Bg5 Bg7 35.Bh6 Bf6 36.Rxc8 Qxc8
37.Qc1 f4 38.Qxc8 Bxc8 39.g3 fxg3 40.Kg2 g5 41.Kxg3 Be7 42.h4 gxh4+ 43.Kg2 Bd8
44.f4 Bg4 45.Ng1 exf4 46.Bxf4 Be7 47.Nf3 Bxf3+ 48.Kxf3 h5 49.Kg2 Ke8 50.Kh3 Kd7
51.Bd2 Bf6 52.Be1 Ke7 53.Bd2 Kf7 54.Bf4 Be7 55.Bd2 Kg6 56.Bf4 Kg7 57.Bd2 Kf7
58.Bf4 Ke8 59.Bd2 Kd7 60.Be1 Bf6 61.Bxh4 Bc3 62.Bg5 Bxb4 63.Kh4 Bc3 64.Kxh5 a5
65.Kg4 Bb2 66.Kf4 a4  0-1

[Event "U16 Olympiad"]
[Site "Mersin TUR"]
[Date "2008.08.19"]
[Round "4"]
[White "Vardanian,HaiG"]
[Black "Shyam,SM"]
[Result "1-0"]
[WhiteElo "2177"]
[BlackElo "2312"]

1.e4 e5 2.Nf3 Nc6 3.Bb5 a6 4.Ba4 Nf6 5.O-O Be7 6.Re1 b5 7.Bb3 d6 8.c3 O-O
9.h3 Nb8 10.d4 Nbd7 11.Nbd2 Bb7 12.Bc2 Re8 13.b4 Bf8 14.a4 c5 15.bxc5 dxc5
16.d5 c4 17.Rb1 Nc5 18.axb5 axb5 19.Rxb5 Ba6 20.Rb1 Nd3 21.Bxd3 cxd3 22.c4 Nd7
23.Re3 Nc5 24.Ne1 f5 25.Nxd3 Nxd3 26.Rxd3 fxe4 27.Rc3 e3 28.Rxe3 Bc5 29.Rg3 Qh4
30.Qg4 Qxg4 31.hxg4 e4 32.Nb3 Bd6 33.Rc3 Be5 34.Rc2 Rab8 35.Nd2 Rxb1 36.Nxb1 Bc8
37.g5 Bf5 38.Be3 Ra8 39.Nd2 Ra1+ 40.Nf1 Rd1 41.Rc1 Rd3 42.Rb1 Kf7 43.Nd2 Bd4
44.Bxd4 Rxd4 45.Nf1 Kg6 46.Ne3 Kxg5 47.c5 Kf6 48.Rb8 Rd3 49.Rf8+  1-0

[Event "44th Rubinstein Mem Open A"]
[Site "Polanica Zdroj POL"]
[Date "2008.08.28"]
[Round "10"]
[White "Adamowicz,K"]
[Black "Lorek,M"]
[Result "1/2-1/2"]
[WhiteElo "2063"]
[BlackElo "1910"]

1.e4 e5 2.Nf3 Nc6 3.Bb5 a6 4.Ba4 Nf6 5.O-O Be7 6.Re1 b5 7.Bb3 d6 8.c3 O-O
9.h3 Nb8 10.d4 Nbd7 11.Nbd2 Bb7 12.Bc2 Re8 13.Nf1 Bf8 14.Ng3 g6 15.a4 c5
16.d5 c4 17.Be3 Qc7 18.Qd2 Nc5 19.Bh6 Bg7 20.Qg5 Bxh6 21.Qxh6 Qe7 22.Nh4 Qf8
23.Qg5 Qg7 24.Qe3 Nfd7  1/2-1/2

[Event "16th Nikea Open"]
[Site "Athens GRE"]
[Date "2008.08.31"]
[Round "8"]
[White "Papadopoulos,A"]
[Black "Kiriazis,D"]
[Result "0-1"]
[WhiteElo "2091"]
[BlackElo "1853"]

1.e4 e5 2.Nf3 Nc6 3.Bb5 a6 4.Ba4 Nf6 5.O-O Be7 6.Re1 b5 7.Bb3 d6 8.c3 O-O
9.h3 Nb8 10.d4 Nbd7 11.Nbd2 Bb7 12.Bc2 Re8 13.Nf1 Bf8 14.Ng3 g6 15.dxe5 Nxe5
16.Bg5 h6 17.Bf4 Nc4 18.Qc1 Kh7 19.a4 Bg7 20.b3 Ne5 21.Nxe5 dxe5 22.Be3 Qd7
23.axb5 axb5 24.Rxa8 Rxa8 25.Bb1 Qc6 26.Qb2 Ne8 27.f3 Nd6 28.Rc1 Bf6 29.Qd2 Bh4
30.Nf1 h5 31.Kh2 Kg7 32.Bh6+ Kg8 33.Bg5 Bxg5 34.Qxg5 Qe8 35.Ng3 Qd8 36.Qxe5 Ra3
37.Bc2 Ra2 38.Nf1 Qa8 39.Ne3 Qa3 40.Rd1 Qb2 41.Qc5  0-1

[Event "Open A"]
[Site "Graz SUI"]
[Date "2008.09.01"]
[Round "3"]
[White "Krieger,H"]
[Black "Diermair,A"]
[Result "0-1"]
[WhiteElo "2217"]
[BlackElo "2388"]

1.e4 e5 2.Nf3 Nc6 3.Bb5 a6 4.Ba4 Nf6 5.O-O Be7 6.Re1 b5 7.Bb3 O-O 8.c3 d6
9.h3 Nb8 10.d4 Nbd7 11.Nbd2 Bb7 12.Bc2 Re8 13.Nf1 Bf8 14.Ng3 c6 15.Be3 Qc7
16.Qd2 Rad8 17.Rad1 d5 18.exd5 Nxd5 19.Qd3 g6 20.Bg5 f6 21.Bc1 exd4 22.Rxe8 Rxe8
23.cxd4 c5 24.dxc5 Nxc5 25.Qd2 a5 26.Nd4 b4 27.Re1 Rxe1+ 28.Qxe1 Qd7 29.Ne4 Kf7
30.Qe2 Nxe4 31.Qxe4 Qe7 32.Bd2 Qxe4 33.Bxe4 Bc5 34.Nb3 Bb6 35.Be3 Nxe3 36.Bxb7 Nd1
37.Kf1 Ke6 38.Ke2 Nxb2 39.Nd2 a4 40.f4 Bd4 41.g4 g5 42.f5+ Kd6 43.Bc8 Bc3
44.Be6 Bxd2 45.Kxd2 Kc5 46.Kc2 Nc4 47.Kd3 Ne5+ 48.Ke4 Nc6 49.Kd3 Ne5+ 50.Ke4 b3
51.axb3 a3 52.b4+  0-1

[Event "I Liga Seniorow"]
[Site "Ustron POL"]
[Date "2008.09.08"]
[Round "3"]
[White "Robak,Z"]
[Black "Chojnacki,K"]
[Result "1/2-1/2"]
[WhiteElo "2264"]
[BlackElo "2416"]

1.e4 e5 2.Nf3 Nc6 3.Bb5 a6 4.Ba4 Nf6 5.O-O Be7 6.Re1 b5 7.Bb3 d6 8.c3 O-O
9.h3 Nb8 10.d4 Nbd7 11.Nbd2 Bb7 12.Bc2 Re8 13.Nf1 Bf8 14.Ng3 g6 15.b3 d5
16.Bg5 h6 17.Bh4 g5 18.Nxg5 hxg5 19.Bxg5 exd4 20.e5 Rxe5 21.Rxe5 Nxe5 22.cxd4 Nc6
23.Nh5 Be7 24.Bxf6 Bxf6 25.Qd3 Bxd4 26.Qh7+ Kf8 27.Qh6+ Ke7 28.Re1+ Ne5 29.Qf6+ Kf8
30.Qh8+ Ke7 31.Qf6+  1/2-1/2

[Event "4th ch-EU"]
[Site "Liverpool ENG"]
[Date "2008.09.13"]
[Round "5"]
[White "Arakhamia,K"]
[Black "Baramidze,D"]
[Result "1-0"]
[WhiteElo "2448"]
[BlackElo "2593"]

1.e4 e5 2.Nf3 Nc6 3.Bb5 a6 4.Ba4 Nf6 5.O-O Be7 6.Re1 b5 7.Bb3 d6 8.c3 O-O
9.h3 Nb8 10.d4 Nbd7 11.Nbd2 Bb7 12.Bc2 Re8 13.Nf1 Bf8 14.Ng3 g6 15.b3 Bg7
16.d5 Qe7 17.Bg5 c6 18.c4 Qf8 19.Qd2 Rec8 20.Rec1 bxc4 21.bxc4 Nc5 22.Rab1 Rc7
23.Be3 Nfd7 24.h4 h5 25.Ng5 Rac8 26.Qd1 Ba8 27.Nf1 Bh6 28.Bd2 Qe7 29.Ne3 Bxg5
30.hxg5 Qxg5 31.dxc6 Rxc6 32.Nd5 Qd8 33.Qe1 Rb8 34.Ba5 Qf8 35.Rxb8 Nxb8 36.Bc7 Nbd7
37.Qe3 Kg7 38.Ba5 Rc8 39.Rd1 Bxd5 40.cxd5 Nb7 41.Bc3 Qd8 42.Ba4 Nbc5 43.Bc6 Kg8
44.Rb1 Rb8 45.Rf1 Nf6 46.f3 Qb6 47.Kh2 Nfd7 48.Qg5 Re8 49.Qd2 Rc8 50.Ba5 Qa7
51.Rb1 Rb8 52.Rd1 Nf6 53.Re1 Kg7 54.Bc3 h4 55.Kh3 Nh5 56.Qe3 Qe7 57.f4 Nd3
58.Rf1 Nb4 59.Ba4 Nxa2 60.Ba1 Kg8 61.fxe5 dxe5 62.Kh2 Ng3 63.Rd1 Qd6 64.Qg5 Nxe4
65.Bxe5 Qf8 66.Qxh4 f6 67.Qxe4 Qh6+ 68.Kg1 fxe5 69.d6 Kh7 70.Qxe5 Qg7 71.Qxg7+ Kxg7
72.d7 Nc3 73.d8=Q Rxd8 74.Rxd8 Nxa4 75.Rd6 Nc5 76.Rc6 Ne4 77.Rxa6 Kh6 78.Kf1 Kh5
79.Ke2 g5 80.Ke3 Nc5 81.Rd6 Kg4 82.Rd4+ Kh5 83.Kf3 Ne6 84.Rd6 g4+ 85.Kg3  1-0

[Event "I Liga Seniorow"]
[Site "Ustron POL"]
[Date "2008.09.14"]
[Round "9"]
[White "Gorecka,J"]
[Black "Chlost,M"]
[Result "1/2-1/2"]
[WhiteElo "2136"]
[BlackElo "2131"]

1.e4 e5 2.Nf3 Nc6 3.Bb5 a6 4.Ba4 Nf6 5.O-O Be7 6.Re1 b5 7.Bb3 d6 8.c3 O-O
9.h3 Nb8 10.d4 Nbd7 11.Nbd2 Bb7 12.Bc2 Re8 13.Nf1 Bf8 14.Ng3 g6 15.b3 c6
16.Bg5 Bg7 17.Qd2 Qe7 18.a4 Qf8 19.axb5 axb5 20.dxe5 Nxe5 21.Nxe5 dxe5 22.Qe2 Nd7
23.b4 Bh6 24.Bxh6 Qxh6 25.Bb3 Qf8 26.Nf1 Qe7 27.Nh2 Kg7 28.Ng4 h5 29.Ne3 Nf6
30.Bc2 Red8 31.Red1 Rxd1+ 32.Qxd1 Rxa1 33.Qxa1 Qd6 34.Qd1  1/2-1/2

[Event "ch-Commonwealth"]
[Site "Nagpur IND"]
[Date "2008.09.30"]
[Round "3"]
[White "Deepan,C"]
[Black "Shyam,SM"]
[Result "1/2-1/2"]
[WhiteElo "2464"]
[BlackElo "2312"]

1.e4 e5 2.Nf3 Nc6 3.Bb5 a6 4.Ba4 Nf6 5.O-O Be7 6.Re1 b5 7.Bb3 d6 8.c3 O-O
9.h3 Nb8 10.d4 Nbd7 11.Nbd2 Bb7 12.Bc2 Re8 13.b3 c5 14.Bb2 Bf8 15.a4 cxd4
16.cxd4 exd4 17.axb5 axb5 18.Nxd4 d5 19.Rxa8 Bxa8 20.Nxb5 dxe4 21.Nc4 Bb4
22.Re3 Qb8 23.Nbd6 Rd8 24.Nxe4 Bxe4 25.Bxe4 Bc5 26.Rd3 Nxe4 27.Rxd7 Rxd7
28.Qxd7 Nxf2 29.Kf1 Ne4 30.Qg4 Ng3+ 31.Ke1 Qb4+ 32.Nd2 Qxg4 33.hxg4 Bb4 34.Kd1 f6
35.Bd4  1/2-1/2

[Event "ch-Commonwealth"]
[Site "Nagpur IND"]
[Date "2008.10.02"]
[Round "6"]
[White "Anwesh,U"]
[Black "Sriram,J"]
[Result "0-1"]
[WhiteElo "2189"]
[BlackElo "2429"]

1.e4 e5 2.Nf3 Nc6 3.Bb5 a6 4.Ba4 Nf6 5.O-O Be7 6.Re1 b5 7.Bb3 d6 8.c3 O-O
9.h3 Nb8 10.d4 Nbd7 11.Nbd2 Bb7 12.Bc2 Re8 13.Nf1 Bf8 14.Ng3 g6 15.a4 Bg7
16.Bd3 c6 17.Bg5 Nf8 18.Qd2 Ne6 19.Be3 Nd7 20.Bf1 Qc7 21.Red1 Rad8 22.Qc2 Nb6
23.a5 Nd7 24.b4 Qb8 25.Rac1 d5 26.exd5 cxd5 27.dxe5 Nxe5 28.Nxe5 Bxe5 29.Ne2 Rc8
30.Qb3 f5 31.Bb6 Kg7 32.Qb1 Ng5 33.Qd3 Ne4 34.Bd4 Rc4 35.Bxe5+ Qxe5 36.f3 Nd6
37.Nd4 Rc7 38.Qd2 Rce7 39.Nb3 Nc4 40.Bxc4 dxc4 41.Nc5 Qg3 42.Qd4+ Kh6 43.Qf2 f4
44.Qxg3 fxg3 45.Nxb7 Rxb7 46.Kf1 Rbe7 47.Re1 Re3 48.Rcd1 R8e6 49.Rc1 Kh5
50.Rcd1 h6 51.Rd5+ g5 52.Rdd1 Rxe1+ 53.Rxe1 Rd6 54.Ke2 Rd3 55.Rc1 Kg6 56.Rc2 Kf5
57.Rc1 Kf4 58.Rc2 Kf5 59.Rc1 Kf4 60.Rc2 Re3+ 61.Kf1 h5 62.Rc1 g4 63.fxg4 hxg4
64.h4 Kf5 65.Rc2 Kg6 66.Re2 Rxc3 67.Re6+ Kh5 68.Rxa6 Rc1+ 69.Ke2 Rc2+  0-1

[Event "TCh-FIN"]
[Site "Finland FIN"]
[Date "2008.10.04"]
[Round "3"]
[White "Sammalvuo,T"]
[Black "Solozhenkin,E"]
[Result "1-0"]
[WhiteElo "2468"]
[BlackElo "2511"]

1.e4 e5 2.Nf3 Nc6 3.Bb5 a6 4.Ba4 Nf6 5.O-O Be7 6.Re1 b5 7.Bb3 d6 8.c3 O-O
9.h3 Nb8 10.d4 Nbd7 11.Nbd2 Bb7 12.Bc2 Re8 13.Nf1 Bf8 14.Ng3 g6 15.a4 c5
16.Be3 exd4 17.cxd4 cxd4 18.Bxd4 Nc5 19.axb5 axb5 20.Rxa8 Bxa8 21.Qb1 Ne6
22.Bc3 Nd7 23.Qa2 Qb8 24.b4 Rc8 25.Bb3 Rxc3 26.Bxe6 Rxf3 27.gxf3 Ne5 28.Rc1 fxe6
29.Qxe6+ Kg7 30.f4 Nc4 31.Qd7+ Kg8 32.Ra1 Qb7 33.Qe6+ Kg7 34.Nf5+ gxf5 35.Kh2 Kh8
36.Rg1 Qg7 37.Rxg7 Kxg7 38.Qd7+ Kg8 39.Qxb5 Nd2 40.Qe2  1-0

[Event "1st WMSG Blitz Team"]
[Site "Beijing CHN"]
[Date "2008.10.13"]
[Round "1"]
[White "Meszaros,Mi"]
[Black "Inoue,S"]
[Result "1-0"]
[WhiteElo "2376"]
[BlackElo "2024"]

1.e4 e5 2.Nf3 Nc6 3.Bb5 a6 4.Ba4 Nf6 5.O-O b5 6.Bb3 Be7 7.Re1 d6 8.c3 O-O
9.h3 Nb8 10.d4 Nbd7 11.Nbd2 Bb7 12.Bc2 Re8 13.Nf1 Bf8 14.d5 c6 15.dxc6 Bxc6
16.Bg5 Qc7 17.a4 Qb7 18.axb5 axb5 19.Rxa8 Rxa8 20.Ng3 Ra2 21.Qb1 Qa6 22.Bb3 Ra5
23.Rd1 h6 24.Bxf6 Nxf6 25.Kh2 Qb7 26.Re1 b4 27.c4 Nd7 28.Bc2 b3 29.Bd3 Nc5
30.Nf5 Nxd3 31.Qxd3 Ra2 32.Qe2 Qb4 33.Ng3 Qa4 34.Rd1 Ra1 35.Rxa1 Qxa1 36.Qd2 Qb1
37.Qe2 Qc2 38.Ne1 Qxe2 39.Nxe2 Bxe4 40.Nc3 Bc2 41.f3 f5 42.Kg3 Kf7 43.Kf2 Ke6
44.Ke3 Be7 45.Nxc2 bxc2 46.Kd2 Bg5+ 47.Kxc2 e4 48.Nxe4 Be3 49.Kd3 Bf4 50.b4 d5
51.Nc5+ Kd6 52.Nb7+ Kc6 53.Na5+ Kd6 54.c5+ Kc7 55.b5 g5 56.b6+ Kc8 57.Kd4 Bd2
58.Nb3 Be1 59.Kxd5 Bf2 60.Kc6 Kb8 61.Nd2 Bd4 62.Nc4 Kc8 63.Kb5 Kb7 64.c6+ Kc8
65.Nd6+ Kb8 66.c7+  1-0

[Event "1st WMSG Rapid Team"]
[Site "Beijing CHN"]
[Date "2008.10.14"]
[Round "1"]
[White "Kryvoruchko,Y"]
[Black "Diermair,A"]
[Result "0-1"]
[WhiteElo "2627"]
[BlackElo "2365"]

1.e4 e5 2.Nf3 Nc6 3.Bb5 a6 4.Ba4 Nf6 5.O-O Be7 6.Re1 b5 7.Bb3 d6 8.c3 O-O
9.h3 Nb8 10.d4 Nbd7 11.Nbd2 Bb7 12.Bc2 Re8 13.Nf1 Bf8 14.Ng3 c6 15.Nf5 Qc7
16.Bg5 h6 17.Bd2 Rad8 18.dxe5 dxe5 19.Qe2 c5 20.b3 c4 21.b4 a5 22.a3 Re6
23.Nh2 Ra8 24.Ng4 axb4 25.axb4 Rea6 26.Rac1 Ra2 27.Qf3 R8a6 28.Qg3 Nxg4 29.hxg4 Rg6
30.Nh4 Rd6 31.Be3 Re6 32.g5 hxg5 33.Bxg5 Nf6 34.Qf3 Nh7 35.Be3 Be7 36.Nf5 Bg5
37.Qg4 Rg6 38.Bxg5 Nxg5 39.Nh4 Bc8 40.Qd1 Rh6 41.g3 Qe7 42.Kg2 Qf6 43.Nf5 Bxf5
44.exf5 Qc6+ 45.f3 Nxf3 46.Qd8+ Kh7 47.Kf2 Nxe1 48.Rxe1 Rxc2+ 49.Ke3 Rxc3+
50.Ke2 Qf3+ 51.Kd2 Rd3+  0-1

[Event "1st WMSG Rapid Team w"]
[Site "Beijing CHN"]
[Date "2008.10.14"]
[Round "1"]
[White "Berzina,I"]
[Black "Caoili,A"]
[Result "0-1"]
[WhiteElo "2320"]
[BlackElo "2170"]

1.e4 e5 2.Nf3 Nc6 3.Bb5 a6 4.Ba4 Nf6 5.O-O Be7 6.Re1 b5 7.Bb3 d6 8.c3 O-O
9.h3 Nb8 10.d4 Nbd7 11.Nbd2 Bb7 12.Bc2 Re8 13.Nf1 Bf8 14.Ng3 g6 15.a4 Bg7
16.Bg5 h6 17.Bd2 c5 18.d5 c4 19.Nh2 h5 20.Nf3 Nc5 21.Ng5 Rb8 22.axb5 axb5
23.f4 exf4 24.Bxf4 h4 25.Nf1 Nh5 26.Be3 Bf6 27.Qg4 Re5 28.Ne6 fxe6 29.Qxg6+ Bg7
30.Nh2 Qf6 31.Qg4 exd5 32.Bd4 dxe4 33.Rf1 Qe6 34.Bxe5 Qxe5 35.Rf5 Nf6 36.Qg6 Qe7
37.Raf1 Ncd7 38.Ng4 Nxg4 39.Rf7 Qe5 40.hxg4 Nf8 41.Qh5 Qxh5 42.gxh5 Bd5 43.R7f4 Re8
44.Rxh4 Bh6 45.Rg4+ Kh8 46.Rd1 e3 47.Re1 e2 48.Kf2 Be3+ 49.Kxe2 Bc1+ 50.Kf2 Rxe1
51.Kxe1 Bxb2 52.Kd2 Ba3 53.Rg5 Bc6 54.Rf5 d5 55.g4 Bd7 56.Rxd5 b4 57.g5 b3
58.Bb1 Be7 59.g6 Kg7 60.Rd4 Be6 61.Re4 Bg5+ 62.Kd1 Bf6 63.Kd2 Kh6 64.Re1 Kxh5
65.Rh1+ Kg5 66.Rg1+ Bg4 67.Be4 Kf4 68.Bb1 Bg7 69.Rf1+ Kg5 70.Rf7 Kh6 71.Rc7 Be6
72.Rc6 Bd5 73.Rc5 Bg8 74.Rc6 Be6 75.Kc1 Bxc3 76.Be4 Bf6 77.Kb1 c3 78.Kc1 Kg7
79.Rc7+ Kg8 80.Rc6 Bg5+ 81.Kb1 Bd2 82.Bd3 Bd5 83.Rc5 Be6 84.Rc6 Kg7 85.Rb6 Be3
86.Rc6 Bd4 87.Rc7+ Kg8 88.Rc6 Kg7 89.Rc7+ Kg8 90.Rc6 Bg7 91.Rc7 Nd7 92.Rc8+ Nf8
93.Rc7 Be5 94.Rc5 Nd7 95.Rc8+ Kg7 96.Rc6 Bd5 97.Rc8 Bf6 98.Rc7 c2+ 99.Kc1 Bg5+
100.Kb2 c1=Q+ 101.Rxc1 Bxc1+ 102.Kxc1 Nc5 103.Bf5 Be4 104.Bg4 Na4  0-1